00852nam a2200289 i 4500001001000000003000900010005001700019007000300036008004100039020001500080040003000095041000800125082002400133100003500157245004100192250002200233264003700255300004500292336002700337337003500364338003000399504003900429650001800468650002800486650002000514650002800534000034106DO-SdBNP20260416124655.0ta110923s1991 dr a r 000 0 spa d a8449925487 aDO-SdBNPbspacBNPHUerda aspa 4a301bC334h 1991222 aCasado M., Lucio,eautor4aut.10aHombre y sociedad /cLucio Casado M. aoctava edición  1aSanto Domingo :bCENAPEC,c1991. a334 páginas :bilustraciones ;c22 cm. atextobtxt2rdacontent asin mediación bn2rdamedia  avolumen bnc2rdacarrier  aBibliografía : páginas 327-328 4aCambio social 4aSociología educativa  4aClases sociales 4a Antropología social